| 000 | 00686nam a2200229Ia 4500 | ||
|---|---|---|---|
| 003 | OSt | ||
| 005 | 20260207114341.0 | ||
| 008 | 210210b1945 xxu||||| |||| 00| 0 eng d | ||
| 040 | _cAL | ||
| 041 | _aKannada | ||
| 082 | _a852/450 | ||
| 100 |
_aRANGANATHA DIVAKARA _dರಂಗನಾಥ ದಿವಾಕರ _9253935 |
||
| 245 |
_aSatyagraha: itihasa mattu tantra _bಸತ್ಯಾಗ್ರಹ: ಇತಿಹಾಸ ಮತ್ತು ತಂತ್ರ |
||
| 260 |
_aHubbaLLi _b- _c1945 |
||
| 650 |
_atantra _9253936 |
||
| 650 |
_aSatyAgraha: _9253937 |
||
| 650 |
_amattu _9253938 |
||
| 650 |
_aitihAsa _9253939 |
||
| 690 |
_aKannada Prose _9253940 |
||
| 906 | _a019016 | ||
| 942 |
_2ddc _cBK |
||
| 999 |
_c143067 _d143067 |
||